Regional geology of the St. Lawrence County magnetite district, northwest Adirondacks, New York, (Record no. 29682)

MARC details
000 -LEADER
fixed length control field 01048cam a22002651 4500
001 - CONTROL NUMBER
control field gs 63000162
003 - CONTROL NUMBER IDENTIFIER
control field DLC
005 - DATE AND TIME OF LATEST TRANSACTION
control field 20260227111412.0
008 - FIXED-LENGTH DATA ELEMENTS--GENERAL INFORMATION
fixed length control field 761028s1962 dcuabd b f000 0 eng
010 ## - LIBRARY OF CONGRESS CONTROL NUMBER
LC control number gs 63000162
035 ## - SYSTEM CONTROL NUMBER
System control number (OCoLC)2537212
040 ## - CATALOGING SOURCE
Original cataloging agency DLC
Transcribing agency OClU
Modifying agency ISS
-- OCoLC
-- DLC
042 ## - AUTHENTICATION CODE
Authentication code premarc
050 00 - LIBRARY OF CONGRESS CALL NUMBER
Classification number QE75
Item number .P9 no. 376
086 0# - GOVERNMENT DOCUMENT CLASSIFICATION NUMBER
Classification number I 19.16:376
100 1# - MAIN ENTRY--PERSONAL NAME
Personal name Buddington, A. F.
Fuller form of name (Arthur Francis),
Dates associated with a name 1890-
245 10 - TITLE STATEMENT
Title Regional geology of the St. Lawrence County magnetite district, northwest Adirondacks, New York,
Statement of responsibility, etc. by A. F. Buddington and B. F. Leonard.
260 ## - PUBLICATION, DISTRIBUTION, ETC.
Place of publication, distribution, etc. Washington,
Name of publisher, distributor, etc. U.S. Govt. Print. Off.,
Date of publication, distribution, etc. 1962 [i.e. 1961]
300 ## - PHYSICAL DESCRIPTION
Extent 145 p.
Other physical details illus., maps (part col.) diagrs., profiles, tables.
Dimensions 29 cm.
410 20 - SERIES STATEMENT/ADDED ENTRY--CORPORATE NAME [OBSOLETE, CAN/MARC], [LOCAL, USA]
Corporate name or jurisdiction name as entry element Geological Survey (U.S.).
Title of a work Professional paper,
Volume number/sequential designation 376
500 ## - GENERAL NOTE
General note Part of illustrative matter folded in pocket.
504 ## - BIBLIOGRAPHY, ETC. NOTE
Bibliography, etc. note Bibliography: p. 136-138.
650 #0 - SUBJECT ADDED ENTRY--TOPICAL TERM
Topical term or geographic name entry element Geology
Geographic subdivision New York (State)
-- Saint Lawrence County.
700 1# - ADDED ENTRY--PERSONAL NAME
Personal name Leonard, B. F.
Fuller form of name (Benjamin Franklin),
Dates associated with a name 1921-
Relator term joint author.

No items available.

Powered by Koha